000
00351nam a2200145Ia 4500
008
210719s1870 xx 000 0 und d
041
_a
eng
082
_a
823.01 EVAS
100
_a
EVANS (C S)
245
_a
Stories from the earthly paradise.
260
_a
London
_b
Edward Arnold
_c
1870
300
_b
HB
365
_c
Rs
650
_a
English Fiction
999
_c
214206
_d
214206